[Event "Olympiad-43"]
[Site "Batumi"]
[Date "2018.10.01"]
[Round "7.16"]
[White "Urkedal, Frode Olav Olsen"]
[Black "Noah, AH Al Ali"]
[Result "1-0"]
[WhiteElo "2535"]
[BlackElo "2276"]
[PlyCount "59"]
[EventDate "2018.09.24"]
[EventType "team-swiss"]
[EventRounds "11"]
[EventCountry "GEO"]
[SourceTitle "CBM 187"]
[Source "ChessBase"]
[SourceDate "2018.12.11"]
[SourceVersion "1"]
[SourceVersionDate "2018.12.11"]
[SourceQuality "1"]
[WhiteTeam "Norway"]
[BlackTeam "Iraq"]
[WhiteTeamCountry "NOR"]
[BlackTeamCountry "IRQ"]

1. d4 Nf6 2. c4 d6 3. Nf3 Nbd7 4. Nc3 e5 5. e4 Be7 6. Be2 0-0 7. 0-0 c6 8. Qc2 Re8 9. Be3 Bf8 10. Rfd1 Qe7 11. d5 Nh5 12. g3 c5 13. Ne1 Ndf6 14. f3 h6 15. Nd3 g5 16. Kh1 g4 17. Nf2 gxf3 18. Bxf3 Kh7 19. Qd2 Kg6 20. Ne2 Ng8 21. g4 Ng7 22. Ng3 Qh4 23. Rg1 Kh7 24. Nf5 Nxf5 25. gxf5 Qd8 26. Rg3 Be7 27. Rag1 Bf6 28. Rh3 Bh4 29. Rg4 Bxf2 30. Bxh6 1-0

[Event "Olympiad-43"]
[Site "Batumi"]
[Date "2018.09.27"]
[Round "4.33"]
[White "Jurcik, Marian"]
[Black "Noah, AH Al Ali"]
[Result "1-0"]
[WhiteElo "2451"]
[BlackElo "2276"]
[PlyCount "71"]
[EventDate "2018.09.24"]
[EventType "team-swiss"]
[EventRounds "11"]
[EventCountry "GEO"]
[SourceTitle "CBM 187"]
[Source "ChessBase"]
[SourceDate "2018.12.11"]
[SourceVersion "1"]
[SourceVersionDate "2018.12.11"]
[SourceQuality "1"]
[WhiteTeam "Slovakia"]
[BlackTeam "Iraq"]
[WhiteTeamCountry "SVK"]
[BlackTeamCountry "IRQ"]

1. c4 e5 2. Nc3 Nf6 3. Nf3 Nc6 4. e4 d6 5. d4 Bg4 6. d5 Nd4 7. Be3 Be7 8. Bxd4 exd4 9. Qxd4 Bxf3 10. gxf3 Nh5 11. e5 Bg5 12. Qg4 g6 13. e6 0-0 14. Rg1 h6 15. h4 f5 16. Qg2 Nf4 17. Qh2 Kg7 18. hxg5 hxg5 19. Rh1 Nh5 20. 0-0-0 Rh8 21. Be2 Qf6 22. Qg1 Nf4 23. Rxh8 Rxh8 24. Qe1 a6 25. Bf1 Kf8 26. Qe3 b6 27. Ne2 Rh2 28. Nxf4 gxf4 29. Qd2 a5 30. Re1 Ke7 31. Qxf4 Rxf2 32. Be2 Rg2 33. Qh6 Qg5+ 34. Qxg5+ Rxg5 35. Rh1 Rg2 36. Rh7+ 1-0

[Event "Olympiad-43"]
[Site "Batumi"]
[Date "2018.09.25"]
[Round "2.2"]
[White "Tran, Tuan Minh"]
[Black "Noah, AH Al Ali"]
[Result "1/2-1/2"]
[WhiteElo "2491"]
[BlackElo "2276"]
[PlyCount "93"]
[EventDate "2018.09.24"]
[EventType "team-swiss"]
[EventRounds "11"]
[EventCountry "GEO"]
[SourceTitle "CBM 187"]
[Source "ChessBase"]
[SourceDate "2018.12.11"]
[SourceVersion "1"]
[SourceVersionDate "2018.12.11"]
[SourceQuality "1"]
[WhiteTeam "Vietnam"]
[BlackTeam "Iraq"]
[WhiteTeamCountry "VIE"]
[BlackTeamCountry "IRQ"]

1. d4 Nf6 2. c4 e6 3. Nc3 Bb4 4. e3 0-0 5. Bd3 Re8 6. Nge2 Bf8 7. 0-0 d6 8. e4 e5 9. f3 exd4 10. Nxd4 c6 11. Kh1 Nbd7 12. Bc2 Nb6 13. Qd3 Nfd7 14. b3 g6 15. Bf4 d5 16. cxd5 cxd5 17. Ndb5 Nc5 18. Qd2 Ne6 19. Rad1 a6 20. Nd4 Nxf4 21. Qxf4 Bd6 22. Qh6 Qc7 23. Nxd5 Nxd5 24. exd5 Bd7 25. Be4 Re5 26. g4 Rae8 27. Rg1 Qd8 28. Nf5 Bf8 29. Qf4 Qf6 30. Nh6+ Kg7 31. Qd2 Rxe4 32. fxe4 Qf3+ 33. Rg2 Rxe4 34. Rc1 Bd6 35. Nf5+ Bxf5 36. gxf5 Qxf5 37. Rf2 Qh5 38. Rcf1 f5 39. Qc3+ Be5 40. Qc5 Qh3 41. Qe7+ Kh6 42. Rg1 Qe3 43. Rfg2 Qf3 44. Qg5+ Kg7 45. Qe7+ Kh6 46. Qg5+ Kg7 47. Qe7+ 1/2-1/2

[Event "Asia Nations Cup"]
[Site "Hamedan"]
[Date "2018.08.03"]
[Round "7.4"]
[White "Firouzja, Alireza"]
[Black "Noah, AH Al Ali"]
[Result "1-0"]
[WhiteElo "2561"]
[BlackElo "2288"]
[PlyCount "95"]
[EventDate "2018.07.28"]
[EventType "team-tourn"]
[EventRounds "9"]
[EventCountry "IRI"]
[SourceTitle "CBM 186 Extra"]
[Source "ChessBase"]
[SourceDate "2018.08.24"]
[SourceVersion "1"]
[SourceVersionDate "2018.08.24"]
[SourceQuality "1"]
[WhiteTeam "Iran Green"]
[BlackTeam "Iraq"]
[WhiteTeamCountry "IRI"]
[BlackTeamCountry "IRQ"]

1. d4 d5 2. Nf3 Nf6 3. c4 dxc4 4. e3 a6 5. Bxc4 c5 6. Qa4+ Bd7 7. Qd1 Nc6 8. 0-0 b5 9. Be2 e6 10. a3 cxd4 11. exd4 Qc7 12. Nc3 Rd8 13. Bg5 Be7 14. Rc1 0-0 15. Bd3 Be8 16. Ne4 Qb6 17. Nxf6+ Bxf6 18. Bxf6 gxf6 19. Qd2 Kg7 20. Qf4 Rg8 21. Qg4+ Kf8 22. Qh4 f5 23. Qxh7 Nxd4 24. Qh6+ Rg7 25. Ne5 Kg8 26. Rfe1 Nc6 27. Bxf5 Nxe5 28. Rxe5 Qd4 29. Re4 Qxb2 30. Rh4 Kf8 31. Rg4 Bc6 32. Rf1 exf5 33. Qh8+ Ke7 34. Qxg7 Qxg7 35. Rxg7 f4 36. Re1+ Kf8 37. Rg4 Rd4 38. g3 Ra4 39. Rxf4 Rxa3 40. h4 Bd7 41. h5 Kg8 42. g4 Rd3 43. Re7 Be6 44. g5 Rd5 45. g6 Rg5+ 46. Kf1 Bc4+ 47. Ke1 Kf8 48. gxf7 1-0

[Event "IRQ-ch"]
[Site "Baghdad"]
[Date "2018.06.29"]
[Round "4"]
[White "Taleb, Salem Hatam"]
[Black "Noah, AH Al Ali"]
[Result "1-0"]
[WhiteElo "2071"]
[BlackElo "2288"]
[PlyCount "79"]
[EventDate "2018.06.27"]
[EventType "swiss"]
[EventRounds "11"]
[EventCountry "IRQ"]
[SourceTitle "EXT 2019"]
[Source "ChessBase"]
[SourceDate "2018.10.10"]
[SourceVersion "1"]
[SourceVersionDate "2018.10.10"]
[SourceQuality "1"]

1. d4 d6 2. Nf3 Nf6 3. Nc3 Bf5 4. Nh4 Bd7 5. e4 e5 6. Nf3 Nc6 7. d5 Ne7 8. h3 g6 9. Be3 c6 10. Bg5 Bg7 11. Bxf6 Bxf6 12. dxc6 Bxc6 13. Bc4 0-0 14. 0-0 Rc8 15. Qe2 d5 16. Bxd5 Bxd5 17. Nxd5 Nxd5 18. exd5 Qxd5 19. Rfd1 Qc6 20. c3 Rfe8 21. Qe3 e4 22. Nd4 Qc5 23. Qe2 Qb6 24. a4 a6 25. a5 Qc7 26. Nc2 Rcd8 27. Ne3 Rxd1+ 28. Qxd1 Bg5 29. Qa4 Re5 30. Nc4 Rc5 31. b3 Qd8 32. Re1 f5 33. Qa2 Qd3 34. Qa4 Kf8 35. Qb4 Kg8 36. Qa4 Qd7 37. Qa3 Rb5 38. Qa4 Rc5 39. Qa2 Rd5 40. Qe2 1-0

[Event "IRQ-chT 30th"]
[Site "Baghdad"]
[Date "2018.03.22"]
[Round "9"]
[White "Al Ali, Hussein Ali Hussein"]
[Black "Noah, AH Al Ali"]
[Result "1/2-1/2"]
[WhiteElo "2272"]
[BlackElo "2299"]
[PlyCount "22"]
[EventDate "2018.03.08"]
[EventType "team-swiss"]
[EventRounds "13"]
[EventCountry "IRQ"]
[SourceTitle "CBM 183 Extra"]
[Source "ChessBase"]
[SourceDate "2018.04.19"]
[SourceVersion "1"]
[SourceVersionDate "2018.04.19"]
[SourceQuality "1"]

1. Nf3 d5 2. g3 g6 3. Bg2 Bg7 4. c4 d4 5. d3 Nc6 6. 0-0 e5 7. e3 dxe3 8. Bxe3 Nge7 9. Nc3 0-0 10. Re1 Re8 11. a3 h6 1/2-1/2

[Event "Baghdad op 6th"]
[Site "Baghdad"]
[Date "2018.03.17"]
[Round "7"]
[White "Noah, AH Al Ali"]
[Black "Khodashenas, Mersad"]
[Result "0-1"]
[WhiteElo "2299"]
[BlackElo "2404"]
[PlyCount "72"]
[EventDate "2018.03.14"]
[EventType "swiss"]
[EventRounds "9"]
[EventCountry "IRQ"]
[SourceTitle "CBM 183 Extra"]
[Source "ChessBase"]
[SourceDate "2018.04.19"]
[SourceVersion "1"]
[SourceVersionDate "2018.04.19"]
[SourceQuality "1"]

1. Nf3 Nf6 2. g3 c5 3. Bg2 Nc6 4. c4 g6 5. 0-0 Bg7 6. d4 cxd4 7. Nxd4 0-0 8. Nc3 d6 9. b3 Bd7 10. Bb2 Nxd4 11. Qxd4 Bc6 12. Nd5 Ne8 13. Qd2 Bxb2 14. Qxb2 Nc7 15. e4 f6 16. Rad1 a5 17. Rfe1 Ra6 18. Nf4 e5 19. Ne2 Ne6 20. Qd2 Be8 21. f4 Qe7 22. f5 Nc5 23. Nc3 Kg7 24. Nb5 g5 25. Bf3 Bf7 26. Qe3 Rc8 27. Rd2 a4 28. Red1 axb3 29. axb3 Rd8 30. Nxd6 Nxb3 31. Ne8+ Rxe8 32. Qxb3 Ra3 33. Qb5 Rxf3 34. Rd7 Qa3 35. Qxb7 Qe3+ 36. Kh1 Rf8 0-1

[Event "Baghdad op 6th"]
[Site "Baghdad"]
[Date "2018.03.16"]
[Round "4"]
[White "Gharagyozyan, Artur"]
[Black "Noah, AH Al Ali"]
[Result "1-0"]
[WhiteElo "2131"]
[BlackElo "2299"]
[PlyCount "73"]
[EventDate "2018.03.14"]
[EventType "swiss"]
[EventRounds "9"]
[EventCountry "IRQ"]
[SourceTitle "CBM 183 Extra"]
[Source "ChessBase"]
[SourceDate "2018.04.19"]
[SourceVersion "1"]
[SourceVersionDate "2018.04.19"]
[SourceQuality "1"]

1. e4 e5 2. Nf3 Nf6 3. Nc3 Qe7 4. Bc4 h6 5. 0-0 d6 6. d4 c6 7. a4 Bg4 8. dxe5 dxe5 9. Qd3 Nbd7 10. b3 Nc5 11. Qe3 Nfd7 12. Ba3 Qf6 13. Nd2 Ne6 14. Bxf8 Ndxf8 15. f3 Bh5 16. Ne2 g5 17. b4 Nf4 18. a5 N8e6 19. Bxe6 Qxe6 20. Nxf4 gxf4 21. Qc5 f6 22. Nc4 0-0-0 23. Rfd1 Rxd1+ 24. Rxd1 Rg8 25. Kh1 Rd8 26. Nd6+ Kb8 27. a6 Qd7 28. axb7 Qxb7 29. c4 Be8 30. Qa5 Rd7 31. c5 Bf7 32. b5 cxb5 33. Rb1 Qc6 34. Nxb5 Ka8 35. Nxa7 Qc7 36. Nc6+ Qxa5 37. Rb8# 1-0

[Event "IRQ-ch"]
[Site "Baghdad"]
[Date "2017.08.12"]
[Round "4"]
[White "Al Ali, Hussein Ali Hussein"]
[Black "Noah, AH Al Ali"]
[Result "1/2-1/2"]
[WhiteElo "2268"]
[BlackElo "2303"]
[PlyCount "40"]
[EventDate "2017.08.10"]
[EventType "swiss"]
[EventRounds "11"]
[EventCountry "IRQ"]
[SourceTitle "CBM 180 Extra"]
[Source "ChessBase"]
[SourceDate "2017.10.06"]
[SourceVersion "1"]
[SourceVersionDate "2017.10.06"]
[SourceQuality "1"]

1. e4 e5 2. Nf3 Nc6 3. Bb5 a6 4. Ba4 Nf6 5. 0-0 Be7 6. Re1 b5 7. Bb3 0-0 8. c3 d6 9. h3 Bb7 10. d4 Re8 11. Ng5 Rf8 12. Nf3 Re8 13. Ng5 Rf8 14. Nf3 Re8 15. Ng5 Rf8 16. Nf3 Re8 17. Ng5 Rf8 18. Nf3 Re8 19. Ng5 Rf8 20. Nf3 Re8 1/2-1/2

[Event "Baghdad op 4th"]
[Site "Baghdad"]
[Date "2016.03.20"]
[Round "1"]
[White "Heatham, Ali Namoss"]
[Black "Noah, AH Al Ali"]
[Result "0-1"]
[WhiteElo "1978"]
[BlackElo "2315"]
[PlyCount "33"]
[EventDate "2016.03.20"]
[EventType "swiss"]
[EventRounds "9"]
[EventCountry "IRQ"]
[SourceTitle "EXT 2017"]
[Source "ChessBase"]
[SourceDate "2016.10.25"]
[SourceVersion "1"]
[SourceVersionDate "2016.10.25"]
[SourceQuality "1"]

1. d4 d5 2. c4 dxc4 3. Nc3 a6 4. a4 Nc6 5. d5 Na5 6. e4 e6 7. Nf3 Nf6 8. Bg5 Be7 9. Ne5 exd5 10. exd5 0-0 11. Be3 Bb4 12. Be2 Nxd5 13. 0-0 Nxc3 14. bxc3 Bxc3 15. Nxc4 Bxa1 16. Qxa1 Nxc4 17. Bxc4 0-1

[Event "IRQ-ch"]
[Site "Baghdad"]
[Date "2015.09.19"]
[Round "8"]
[White "Rabeea, Sabah Nori"]
[Black "Noah, AH Al Ali"]
[Result "0-1"]
[WhiteElo "2081"]
[BlackElo "2315"]
[PlyCount "48"]
[EventDate "2015.09.14"]
[EventType "tourn"]
[EventRounds "11"]
[EventCountry "IRQ"]
[SourceTitle "EXT 2016"]
[Source "ChessBase"]
[SourceDate "2015.10.08"]
[SourceVersion "1"]
[SourceVersionDate "2015.10.08"]
[SourceQuality "1"]

1. d4 d5 2. c4 dxc4 3. Nc3 a6 4. e4 b5 5. a4 b4 6. Na2 Bb7 7. Bxc4 Bxe4 8. Qh5 e6 9. Ne2 Nf6 10. Qh3 Nc6 11. Be3 Na5 12. b3 Nxc4 13. bxc4 b3 14. Nac3 b2 15. Rd1 Bc2 16. 0-0 Bxd1 17. Rxd1 Rb8 18. Nb1 Qd7 19. Nec3 Qc6 20. d5 Qxc4 21. Rd4 Qxc3 22. Nxc3 b1Q+ 23. Rd1 Qf5 24. Qg3 Bd6 0-1

[Event "IRQ-ch"]
[Site "Baghdad"]
[Date "2015.09.15"]
[Round "2"]
[White "Noah, AH Al Ali"]
[Black "Salih, Akar Ali Salih"]
[Result "1-0"]
[WhiteElo "2315"]
[BlackElo "2320"]
[PlyCount "103"]
[EventDate "2015.09.14"]
[EventType "tourn"]
[EventRounds "11"]
[EventCountry "IRQ"]
[SourceTitle "EXT 2016"]
[Source "ChessBase"]
[SourceDate "2015.10.08"]
[SourceVersion "1"]
[SourceVersionDate "2015.10.08"]
[SourceQuality "1"]

1. e4 c5 2. c3 d5 3. exd5 Qxd5 4. d4 Nc6 5. Nf3 Bg4 6. Nbd2 cxd4 7. Bc4 Bxf3 8. Qxf3 Qe5+ 9. Kd1 Nf6 10. Re1 Qh5 11. Kc2 Qxf3 12. Nxf3 dxc3 13. bxc3 a6 14. Rb1 Na5 15. Ne5 e6 16. Be2 Rc8 17. a4 Bd6 18. Bf3 Rc7 19. Nd3 0-0 20. Rb6 Rd8 21. Rxd6 Rxd6 22. Bf4 Rdc6 23. Bxc7 Rxc7 24. Re5 Nc4 25. Rc5 Rxc5 26. Nxc5 b5 27. Be2 Nb6 28. a5 Nbd5 29. Nxa6 Ne4 30. c4 bxc4 31. Bxc4 Ne7 32. Nb4 Nc8 33. f3 Ned6 34. Ba6 Na7 35. Kc3 Kf8 36. Kd4 Ke7 37. Kc5 Kd7 38. Kb6 Nac8+ 39. Bxc8+ Nxc8+ 40. Kb7 Nd6+ 41. Kb8 Nb5 42. a6 Kd6 43. Nc2 Kc5 44. Na3 Nd4 45. Kb7 Nc6 46. Nc2 e5 47. Nb4 Na5+ 48. Kc7 Nc4 49. a7 Nb6 50. Nd3+ Kb5 51. Kb7 f6 52. Nb2 1-0

[Event "Olympiad-41"]
[Site "Tromsoe"]
[Date "2014.08.10"]
[Round "8.2"]
[White "Kigigha, Bomo"]
[Black "Noah, AH Al Ali"]
[Result "1-0"]
[WhiteElo "2197"]
[BlackElo "2326"]
[PlyCount "93"]
[EventDate "2014.08.02"]
[EventType "team-swiss"]
[EventRounds "11"]
[EventCountry "NOR"]
[SourceTitle "CBM 162"]
[Source "ChessBase"]
[SourceDate "2014.09.17"]
[SourceVersion "1"]
[SourceVersionDate "2014.09.17"]
[SourceQuality "1"]
[WhiteTeam "Nigeria"]
[BlackTeam "Iraq"]
[WhiteTeamCountry "NGR"]
[BlackTeamCountry "IRQ"]

1. c4 e5 2. g3 Nf6 3. Bg2 d5 4. cxd5 Nxd5 5. Nc3 Nb6 6. Nf3 Nc6 7. 0-0 Be7 8. a3 0-0 9. d3 Bg4 10. b4 a6 11. Be3 Re8 12. h3 Bh5 13. Nd2 Rb8 14. Nc4 Nxc4 15. dxc4 Nd4 16. Ra2 Bg6 17. Rd2 c5 18. Nd5 b5 19. f4 f6 20. Bf2 bxc4 21. e3 Nb3 22. Nxf6+ Bxf6 23. Rxd8 Rbxd8 24. Qe2 Bd3 25. Qa2 e4 26. Rd1 a5 27. bxc5 a4 28. Be1 Rd5 29. Bb4 Kh8 30. g4 h6 31. h4 c3 32. g5 c2 33. Re1 hxg5 34. hxg5 Be7 35. c6 Bd8 36. Bh3 Bb6 37. Kf2 Red8 38. Be6 c1Q 39. Rxc1 Nxc1 40. Qb2 Bb5 41. Qxc1 Rd1 42. Qc2 Rf1+ 43. Kg3 Rg1+ 44. Kh4 Rh1+ 45. Kg4 Bc7 46. Bd7 Bd3 47. Qg2 1-0

[Event "Olympiad-41"]
[Site "Tromsoe"]
[Date "2014.08.08"]
[Round "6.2"]
[White "Noah, AH Al Ali"]
[Black "Tissir, Mohamed"]
[Result "0-1"]
[WhiteElo "2326"]
[BlackElo "2366"]
[PlyCount "104"]
[EventDate "2014.08.02"]
[EventType "team-swiss"]
[EventRounds "11"]
[EventCountry "NOR"]
[SourceTitle "CBM 162"]
[Source "ChessBase"]
[SourceDate "2014.09.17"]
[SourceVersion "1"]
[SourceVersionDate "2014.09.17"]
[SourceQuality "1"]
[WhiteTeam "Iraq"]
[BlackTeam "Morocco"]
[WhiteTeamCountry "IRQ"]
[BlackTeamCountry "MAR"]

1. Nf3 Nf6 2. g3 g6 3. Bg2 Bg7 4. 0-0 0-0 5. c4 d6 6. d4 a6 7. Nc3 Nc6 8. d5 Na5 9. b3 c5 10. Bd2 Rb8 11. a4 Qb6 12. Ra3 Qd8 13. e4 e5 14. dxe6 Bxe6 15. Bf4 Nh5 16. Bg5 Qd7 17. Qd2 Nc6 18. Bh6 Rfe8 19. Bxg7 Kxg7 20. Nd5 Bxd5 21. cxd5 Nb4 22. Qc3+ Kg8 23. Nh4 b5 24. axb5 axb5 25. Rfa1 Nxd5 26. Qd2 Ndf6 27. Ra6 Nxe4 28. Bxe4 Rxe4 29. Rxd6 Qe7 30. Rd7 Qe6 31. Nf3 Qf6 32. Raa7 Qxf3 33. Rxf7 Rd4 34. Qxd4 Qxf7 35. Qxc5 Qf8 36. Qd5+ Kh8 37. Qe5+ Kg8 38. Qe6+ Kh8 39. Rf7 Qe8 40. Re7 Qf8 41. Rf7 Qc5 42. b4 Qd4 43. Qe7 Kg8 44. Qe6 Ng7 45. Qa2 Kh8 46. Qe2 Nf5 47. Rc7 Rf8 48. Qxb5 Nxg3 49. hxg3 Qxf2+ 50. Kh1 Qe1+ 51. Kg2 Rf2+ 52. Kh3 Qe6+ 0-1

[Event "Asia Clubs"]
[Site "Al Ain"]
[Date "2014.06.26"]
[Round "5.2"]
[White "Lane, Gary William"]
[Black "Noah, AH Al Ali"]
[Result "1-0"]
[WhiteElo "2354"]
[BlackElo "2334"]
[PlyCount "93"]
[EventDate "2014.06.21"]
[EventType "team-tourn"]
[EventRounds "7"]
[EventCountry "UAE"]
[SourceTitle "CBM 161 Extra"]
[Source "ChessBase"]
[SourceDate "2014.08.29"]
[SourceVersion "1"]
[SourceVersionDate "2014.08.29"]
[SourceQuality "1"]
[WhiteTeam "Western Sydney"]
[BlackTeam "Iraq Communication"]
[WhiteTeamCountry "AUS"]
[BlackTeamCountry "IRQ"]

1. e4 e5 2. Nf3 Nf6 3. d4 Nxe4 4. Bd3 d5 5. Nxe5 Nd7 6. Nxd7 Bxd7 7. 0-0 Qf6 8. Be3 Nd6 9. Qh5 Bf5 10. Re1 Kd7 11. Nc3 c6 12. Rad1 Re8 13. b4 Qg6 14. Qe2 Bxd3 15. Rxd3 Nc4 16. Rb1 b5 17. a4 a6 18. axb5 axb5 19. Ra1 Bd6 20. Qf3 Ra8 21. Rb1 Qe6 22. g3 Rhe8 23. Kg2 f6 24. h4 Bf8 25. Bf4 g6 26. Rdd1 h6 27. Re1 Qf7 28. Rxe8 Kxe8 29. Nd1 g5 30. hxg5 fxg5 31. Bc1 Qxf3+ 32. Kxf3 Ra2 33. c3 Rc2 34. Ra1 Bd6 35. Be3 Nxe3 36. Kxe3 Bxg3 37. fxg3 Rg2 38. Kf3 Rd2 39. Ne3 h5 40. Rh1 h4 41. gxh4 gxh4 42. Rxh4 Rd3 43. Kf4 Rxc3 44. Nf5 Rb3 45. Ke5 Rxb4 46. Ke6 Kd8 47. Kd6 1-0

[Event "Asia Clubs"]
[Site "Al Ain"]
[Date "2014.06.24"]
[Round "4.1"]
[White "Sethuraman, SP."]
[Black "Noah, AH Al Ali"]
[Result "1-0"]
[WhiteElo "2576"]
[BlackElo "2334"]
[PlyCount "57"]
[EventDate "2014.06.21"]
[EventType "team-tourn"]
[EventRounds "7"]
[EventCountry "UAE"]
[SourceTitle "CBM 161 Extra"]
[Source "ChessBase"]
[SourceDate "2014.08.29"]
[SourceVersion "1"]
[SourceVersionDate "2014.08.29"]
[SourceQuality "1"]
[WhiteTeam "India PSPB"]
[BlackTeam "Iraq Communication"]
[WhiteTeamCountry "IND"]
[BlackTeamCountry "IRQ"]

1. Nf3 Nf6 2. c4 g6 3. d4 Bg7 4. Nc3 d5 5. Qb3 dxc4 6. Qxc4 0-0 7. e4 a6 8. a3 b5 9. Qd3 c5 10. dxc5 Bb7 11. Be3 Nc6 12. Rc1 Qa5 13. Bd2 Rfd8 14. Qb1 Ne5 15. Nxe5 Rxd2 16. c6 Rad8 17. cxb7 Qb6 18. Be2 Qxb7 19. 0-0 Nxe4 20. Nxe4 Rxe2 21. Nc6 Rd5 22. Nc3 Bxc3 23. Rxc3 Rdd2 24. Qc1 Qb6 25. Rc5 Kg7 26. Qc3+ f6 27. Nd4 Re4 28. Qxd2 Qxc5 29. Rd1 1-0

[Event "Arab Clubs-chT"]
[Site "Monastir"]
[Date "2013.11.07"]
[Round "6.1"]
[White "Arab, Adlane"]
[Black "Noah, AH Al Ali"]
[Result "1-0"]
[WhiteElo "2432"]
[BlackElo "2399"]
[PlyCount "73"]
[EventDate "2013.11.04"]
[EventType "team-tourn"]
[EventRounds "9"]
[EventCountry "TUN"]
[SourceTitle "EXT 2014"]
[Source "ChessBase"]
[SourceDate "2013.11.20"]
[SourceVersion "1"]
[SourceVersionDate "2013.11.20"]
[SourceQuality "1"]
[WhiteTeam "ASSN"]
[BlackTeam "Ittisalat"]
[WhiteTeamCountry "ALG"]
[BlackTeamCountry "IRQ"]

1. d4 g6 2. Nf3 Bg7 3. c4 d6 4. Nc3 Nc6 5. g3 Bg4 6. d5 Nb8 7. Bg2 Qc8 8. h3 Bd7 9. Be3 c5 10. Qd2 Na6 11. Bf4 Rb8 12. e4 f6 13. Nb5 Qd8 14. 0-0 Nc7 15. a4 a6 16. Nxc7+ Qxc7 17. b4 h5 18. bxc5 Qxc5 19. Rfc1 Bh6 20. Nd4 Rc8 21. Nb3 Qa7 22. Qb4 h4 23. Rc3 hxg3 24. Bxg3 a5 25. Qa3 f5 26. Re1 f4 27. Bh2 Bg7 28. Nc1 g5 29. e5 Qd4 30. Rd3 Qxc4 31. exd6 Rh6 32. dxe7 Rb6 33. d6 Rb1 34. Rdd1 Bd4 35. Bf1 Qc5 36. Qxc5 Bxc5 37. Bd3 1-0